00449 2200169 4500245005900000020002200059250001000081100002000091700001700111700001800128650002200146005001900168260003200187041001400219084001100233300003500244 aCARA MUDAH UBAH KEBIASAAN BURUKcAba Mehmed AghahText a978-623-7661-80-1 acet.1 aAba Mehmed Agha aZhivana A.U. aFirsta Atinda aPengembangan Diri a20241007103352 aYogyakartabChecklistc2022 aIndonesia a155.25 avi + 174 halaman :c14×20,5cm